100 joueurs suédois avec la plus grosse valeur marchande - Statistiques

Statistiques générales
  • Ce quiz a été pris 29 fois
  • Le résultat moyen est 10 sur 100
Statistiques - réponses
Club Prix Réponse % Correct
Newcastle 70 millions Alexander Isak
100%
Tottenham 50 millions Dejan Kulusevski
81%
Manchester United 18 millions Victor Lindelöf
77%
RB Leipzig 7 millions Emil Forsberg
50%
Nottingham Forest 18 millions Anthony Elanga
42%
Eintracht Francfort 17 millions Hugo Larsson
42%
FC Copenhague 3 millions Jordan Larsson
42%
Antalyaspor 1,8 millions Sam Larsson
42%
Sporting CP 32 millions Viktor Gyökeres
35%
Aston Villa 1,5 millions Robin Olsen
23%
Wolfsbourg 8 millions Amin Sarr
19%
Naples 10 millions Jens Cajuste
19%
Wolfsbourg 18 millions Mattias Svanberg
19%
Aris Salonique 1,5 millions David Moberg Karlsson
15%
Newcastle 3 millions Emil Krafth
15%
LOSC Lille 4,5 millions Gabriel Gudmundsson
15%
Bologne 14 millions Jesper Karlsson
15%
Hammarby IF 1,2 millions Markus Karlsson
15%
Atalanta 7 millions Emil Holm
12%
Burnley 8 millions Hjalmar Ekdal
12%
Hellas Verone 9 millions Isak Hien
12%
Djurgardens 3,5 millions Lucas Bergvall
12%
RSC Anderlecht 2,5 millions Ludwig Augustinsson
12%
FC Copenhague 4 millions Roony Bardghji
12%
FC Copenhague 6 millions Viktor Claesson
12%
Coventry City 6 millions Yasin Ayari
12%
IFK Norrkoping 1,2 millions Anton Eriksson
8%
FC Nordsjaelland 1 million Daniel Svensson
8%
Lech Poznan 1 million Elias Andersson
8%
Celtic Glasgow 3 millions Gustaf Lagerbielke
8%
Lech Poznan 3 millions Jesper Karlström
8%
FC Midtjylland 1,5 millions Joel Andersson
8%
Watford 2,5 millions Ken Sema
8%
FC Midtjylland 2,5 millions Kristoffer Olsson
8%
St. Louis City SC 1,5 millions Rasmus Alm
8%
Al-Ettifaq 4,5 millions Robin Quaison
8%
Heerenveen 1,3 millions Simon Olsson
8%
BK Häcken 1,5 millions Aiham Ousou
4%
IF Elfsborg 1 million Alexander Bernhardsson
4%
Hertha Berlin 2 millions Bilal Hussein
4%
Kalmar FF 1,2 millions Carl Gustafsson
4%
Hatayspor 2,3 millions Carlos Strandberg
4%
Celta Vigo 5 millions Carl Starfelt
4%
Heracles Almelo 2 millions Emil Hansson
4%
Lech Poznan 1,8 millions Filip Dagerstal
4%
Union Saint Gilloise 2,5 millions Gustav Nilsson
4%
Djurgardens 2 millions Hampus Finndell
4%
Malmo 2,2 millions Isaac Kiese Thelin
4%
FC Cartagena 1 million Isak Jansson
4%
St. Louis City SC 3,5 millions Joakim Nilsson
4%
Braga 1,5 millions Joe Mendes
4%
BK Häcken 1,2 millions Johan Hammar
4%
Aris Limassol 1 million Leo Bengtsson
4%
Lech Poznan 1,8 millions Mikael Ishak
4%
BK Häcken 1,5 millions Momodou Lamin Sonko
4%
Malmo 1,2 millions Otto Rosengren
4%
Heerenveen 4 millions Patrik Walemark
4%
Lecce 3 millions Pontus Almqvist
4%
Malmo 2 millions Pontus Jansson
4%
BK Häcken 2,5 millions Samuel Gustafson
4%
IF Elfsborg 1 million Sebastian Holmen
4%
Malmo 4,5 millions Sebastian Nanasi
4%
BK Häcken 2 millions Simon Gustafson
4%
IF Elfsborg 1 million Simon Hedlund
4%
BK Häcken 1 million Simon Sandberg
4%
Malmo 2 millions Stefano Holmquist Vecchia
4%
Malmo 1,5 millions Taha Ali
4%
Rotherham United 3 millions Viktor Johansson
4%
Celta Vigo 3 millions Williot Swedberg
4%
Austin FC 1 million Adam Lundqvist
0%
Panathinaikos 1,5 millions Alexander Jeremejeff
0%
AIK Solna 1,5 millions Anton Salétros
0%
FC Midtjylland 2 millions Armin Gigovic
0%
Greuther Fürth 1,3 millions Branimir Hrgota
0%
IFK Norrkoping 1,5 millions Christoffer Nyman
0%
Ulsan Hyundai 1,6 millions Darijan Bojanic
0%
Hammarby IF 3 millions Edvin Kurtulus
0%
Aarhus GF 1 million Eric Kahl
0%
FC St. Pauli 2,5 millions Eric Smith
0%
Aarhus GF 1 million Felix Beijmo
0%
Odense Boldklub 2 millions Filip Helander
0%
Ulsan Hyundai 1,5 millions Gustav Ludwigson
0%
Royal Antwerp 3 millions Jacob Ondrejka
0%
FC Metz 1,5 millions Joel Asoro
0%
IFK Göteborg 1,5 millions Johan Bangsbo
0%
Puskas Akademia 1,7 millions Jonathan Levi
0%
Hammarby IF 1,2 millions Jusef Erabi
0%
KV Mechelen 2,5 millions Kerim Mrabti
0%
Blackburn Rovers 2 millions Leopold Wahlstedt
0%
Pogon Szczecin 1,5 millions Linus Wahlqvist
0%
Fatih Karagumruk 1 million Marcus Rohden
0%
AZ Alkmaar 3 millions Mayckel Lahdo
0%
Pafos FC 1,2 millions Muamer Tankovic
0%
AEK Athenes 2,5 millions Niclas Eliasson
0%
Mjällby AIF 1,5 millions Noah Eile
0%
Young Boys Berne 1,2 millions Noah Persson
0%
Toulouse FC 1 million Oliver Zanden
0%
SV Darmstadt 98 2 millions Oscar Vilhelmsson
0%
Randers FC 1 million Patrik Carlgren
0%
Go Ahead Eagles 1,2 millions Victor Edvardsen
0%
Aucun quiz correspondant
Distribution des résultats
% des personnes avec chaque résultat
Percentile par nombre de réponses
Votre historique - résultats
Vous n’avez pas pris ce quiz